Ville d'Allemagne - Top 200 Ville Europe - Statistiques

Statistiques générales
  • Ce quiz a été pris 122 fois
  • Le résultat moyen est 12 sur 19
Statistiques - réponses
Population Ville % Correct
4,63 M Berlin
99%
2,25 M Munich
98%
3,23 M Francfort-sur-le-Main
96%
2,83 M Hambourg
96%
2,38 M Stuttgart
92%
4,98 M Cologne/Düsseldorf
91%
561k Leipzig
87%
1,19 M Nuremberg
79%
780k Dresde
76%
826k Brême
75%
1,15 M Hanovre
73%
547k Aix-la-Chapelle
50%
1,57 M Mannheim
49%
634k Fribourg-en-Brisgau
39%
434k Augsbourg
38%
603k Bielefeld
31%
797k Sarrebruck
28%
731k Karlsruhe
27%
431k Brunswick
7%
Aucun quiz correspondant
Distribution des résultats
% des personnes avec chaque résultat
Percentile par nombre de réponses
Votre historique - résultats
Vous n’avez pas pris ce quiz